| 000 | 00567nam a2200193Ia 4500 | ||
|---|---|---|---|
| 003 | GCL | ||
| 008 | 140319s9999 xx 000 0 ara d | ||
| 040 |
_aGCL / _cGCL |
||
| 082 | 0 | 4 |
_a811.0093 _bش ش |
| 100 | 1 | _aشربل داغر | |
| 245 | 1 | 0 |
_aالشعرية العربية الحديثة: تحليل نصى / _cشربل داغر |
| 260 |
_a[S.N] : _bدار توبقال للنشر ، _c1988 |
||
| 300 | _a169 ص | ||
| 490 | _a | ||
| 650 | 0 | 4 | _aالشعر العربى |
| 650 | 0 | 4 | _aالادب العربى |
| 650 | 0 | 4 | _aتاريخ ونقد |
| 942 |
_2ddc _cBK |
||
| 999 |
_c58183 _d58183 |
||